[Event "Rapid 2018"]
[Site "Saint-Petersburg"]
[Date "2018.12.28"]
[Round "15"]
[Board "35"]
[White "Khanin Semen (RUS)"]
[Black "Harikrishna Pentala (IND)"]
[Result "1-0"]
[LiveChessVersion "1.4.8"]
[BlackElo "2758"]
[WhiteElo "2594"]

1. e4 {[%clk 0:15:18]} c5 {[%clk 0:15:09]} 2. Nf3 {[%clk 0:15:27]} e6
{[%clk 0:15:17]} 3. d4 {[%clk 0:15:35]} cxd4 {[%clk 0:15:25]} 4. Nxd4
{[%clk 0:15:42]} Nc6 {[%clk 0:15:34]} 5. Nc3 {[%clk 0:15:50]} Qc7
{[%clk 0:15:42]} 6. Be3 {[%clk 0:15:58]} a6 {[%clk 0:15:51]} 7. Qf3
{[%clk 0:16:07]} Nf6 {[%clk 0:15:44]} 8. O-O-O {[%clk 0:16:13]} h5
{[%clk 0:15:32]} 9. Nxc6 {[%clk 0:16:14]} dxc6 {[%clk 0:15:39]} 10. Qg3
{[%clk 0:15:56]} e5 {[%clk 0:14:59]} 11. Be2 {[%clk 0:13:57]} Ng4
{[%clk 0:10:25]} 12. Bxg4 {[%clk 0:13:49]} Bxg4 {[%clk 0:09:28]} 13. f3
{[%clk 0:13:56]} Be6 {[%clk 0:09:35]} 14. Qf2 {[%clk 0:12:27]} Bb4
{[%clk 0:09:02]} 15. Bb6 {[%clk 0:09:37]} Qe7 {[%clk 0:08:54]} 16. Qe3
{[%clk 0:08:47]} O-O {[%clk 0:07:57]} 17. a3 {[%clk 0:08:35]} Bxc3 18. Qxc3
{[%clk 0:08:42]} Qg5+ {[%clk 0:07:02]} 19. Be3 {[%clk 0:07:47]} Qf6
{[%clk 0:06:37]} 20. h4 {[%clk 0:07:33]} Rfe8 {[%clk 0:06:45]} 21. Rd2
{[%clk 0:06:51]} a5 {[%clk 0:06:21]} 22. Bb6 {[%clk 0:06:15]} Ra6
{[%clk 0:06:01]} 23. Bc7 {[%clk 0:06:09]} Bc8 {[%clk 0:04:59]} 24. Rhd1
{[%clk 0:05:51]} c5 {[%clk 0:05:08]} 25. Rd8 {[%clk 0:05:07]} Rae6
{[%clk 0:05:08]} 26. Qxc5 {[%clk 0:04:54]} Kh7 {[%clk 0:04:19]} 27. Bxe5
{[%clk 0:02:54]} Qxh4 {[%clk 0:04:11]} 28. Rxe8 {[%clk 0:02:46]} Rxe8
{[%clk 0:04:16]} 29. Bc3 {[%clk 0:02:41]} Be6 {[%clk 0:03:46]} 30. Qxa5
{[%clk 0:02:30]} Kg6 {[%clk 0:02:39]} 31. Kb1 {[%clk 0:02:02]} Qg3
{[%clk 0:02:42]} 32. Qc5 {[%clk 0:01:59]} h4 {[%clk 0:02:18]} 33. Be5
{[%clk 0:01:51]} Ba2+ {[%clk 0:01:43]} 34. Kxa2 {[%clk 0:02:00]} Rxe5
{[%clk 0:01:52]} 35. Qc7 {[%clk 0:01:18]} f6 {[%clk 0:01:44]} 36. Rd2
{[%clk 0:01:07]} b5 {[%clk 0:01:42]} 37. Qc3 {[%clk 0:00:26]} Kh7
{[%clk 0:01:37]} 38. Qe3 {[%clk 0:00:26]} Rg5 {[%clk 0:01:42]} 39. Qd3
{[%clk 0:00:23]} Qe5 {[%clk 0:01:43]} 40. Qd5 {[%clk 0:00:21]} Qh2
{[%clk 0:01:16]} 41. Qd3 {[%clk 0:00:27]} Qe5 {[%clk 0:00:58]} 42. f4
{[%clk 0:00:33]} Qxf4 {[%clk 0:00:53]} 43. e5+ {[%clk 0:00:42]} Kh6
{[%clk 0:01:01]} 44. e6 {[%clk 0:00:26]} Re5 {[%clk 0:01:00]} 45. Re2
{[%clk 0:00:35]} Qg4 {[%clk 0:00:34]} 46. Rxe5 {[%clk 0:00:40]} fxe5
{[%clk 0:00:43]} 47. Qd5 {[%clk 0:00:38]} Qg5 {[%clk 0:00:34]} 48. Qd6
{[%clk 0:00:34]} Qg6 {[%clk 0:00:33]} 49. Qxe5 {[%clk 0:00:32]} Qxc2
{[%clk 0:00:30]} 50. Qf4+ {[%clk 0:00:33]} Kg6 {[%clk 0:00:19]} 51. Qf7+
{[%clk 0:00:42]} 1-0

[Event "Rapid 2018"]
[Site "Saint-Petersburg"]
[Date "2018.12.28"]
[Round "15"]
[Board "37"]
[White "Akopian Vladimir (ARM)"]
[Black "Tari Aryan (NOR)"]
[Result "1/2-1/2"]
[LiveChessVersion "1.4.8"]
[BlackElo "2554"]
[WhiteElo "2707"]

1. Nf3 {[%clk 0:15:16]} Nf6 {[%clk 0:15:18]} 2. c4 {[%clk 0:15:13]} c5
{[%clk 0:15:27]} 3. g3 {[%clk 0:15:07]} d5 {[%clk 0:15:26]} 4. cxd5
{[%clk 0:14:58]} Nxd5 {[%clk 0:15:33]} 5. Bg2 {[%clk 0:15:00]} Nc6
{[%clk 0:15:39]} 6. Nc3 {[%clk 0:14:58]} Nxc3 {[%clk 0:15:28]} 7. bxc3
{[%clk 0:14:59]} e5 {[%clk 0:15:36]} 8. O-O {[%clk 0:14:51]} Be7 {[%clk 0:15:44]}
9. d3 {[%clk 0:14:49]} O-O {[%clk 0:15:48]} 10. Rb1 {[%clk 0:14:57]} Qc7
{[%clk 0:15:49]} 11. Qc2 {[%clk 0:13:45]} Bf5 {[%clk 0:15:08]} 12. Nd2
{[%clk 0:13:44]} Rab8 {[%clk 0:13:42]} 13. Nc4 {[%clk 0:13:13]} b5
{[%clk 0:13:26]} 14. Ne3 {[%clk 0:13:16]} Be6 {[%clk 0:13:34]} 15. Nd5
{[%clk 0:13:19]} Qd7 {[%clk 0:13:36]} 16. e4 {[%clk 0:13:06]} Bd6
{[%clk 0:12:30]} 17. Be3 {[%clk 0:11:24]} f5 {[%clk 0:09:39]} 18. exf5
{[%clk 0:10:49]} Bxf5 {[%clk 0:09:48]} 19. Be4 {[%clk 0:10:19]} Kh8
{[%clk 0:09:33]} 20. Rfe1 {[%clk 0:09:47]} Ne7 {[%clk 0:08:59]} 21. Nxe7
{[%clk 0:09:29]} Bxe7 {[%clk 0:08:41]} 1/2-1/2

[Event "Rapid 2018"]
[Site "Saint-Petersburg"]
[Date "2018.12.28"]
[Round "15"]
[Board "38"]
[White "Bocharov Dmitry (RUS)"]
[Black "Petrov Nikita (RUS)"]
[Result "1-0"]
[LiveChessVersion "1.4.8"]
[BlackElo "2502"]
[WhiteElo "2683"]

1. Nf3 {[%clk 0:15:16]} d5 {[%clk 0:15:18]} 2. g3 {[%clk 0:15:02]} g6
{[%clk 0:15:27]} 3. Bg2 {[%clk 0:15:05]} Bg7 {[%clk 0:15:35]} 4. c4
{[%clk 0:15:07]} dxc4 {[%clk 0:15:43]} 5. Qa4+ {[%clk 0:15:03]} Nc6
{[%clk 0:15:47]} 6. Qxc4 {[%clk 0:14:48]} e5 {[%clk 0:15:42]} 7. O-O
{[%clk 0:14:40]} Nge7 {[%clk 0:15:25]} 8. d3 {[%clk 0:14:48]} Be6
{[%clk 0:13:52]} 9. Qc2 {[%clk 0:14:53]} O-O {[%clk 0:13:06]} 10. a3
{[%clk 0:13:17]} a5 {[%clk 0:12:49]} 11. Nc3 {[%clk 0:12:54]} Nd4
{[%clk 0:12:07]} 12. Nxd4 {[%clk 0:13:01]} exd4 {[%clk 0:12:16]} 13. Ne4
{[%clk 0:12:31]} Bd5 {[%clk 0:11:29]} 14. Bf4 {[%clk 0:12:25]} c6
{[%clk 0:11:14]} 15. b4 {[%clk 0:12:16]} h6 {[%clk 0:08:41]} 16. bxa5
{[%clk 0:11:15]} Rxa5 {[%clk 0:07:51]} 17. Rfb1 {[%clk 0:09:03]} b6
{[%clk 0:07:17]} 18. Bd6 {[%clk 0:05:40]} Re8 {[%clk 0:06:32]} 19. a4
{[%clk 0:05:06]} c5 {[%clk 0:03:41]} 20. Bf4 {[%clk 0:04:02]} g5 {[%clk 0:02:34]}
21. Bd2 {[%clk 0:03:23]} Ra7 {[%clk 0:02:15]} 22. Be1 {[%clk 0:02:41]} f5
{[%clk 0:02:15]} 23. Nd2 {[%clk 0:02:49]} Bxg2 {[%clk 0:02:21]} 24. Kxg2
{[%clk 0:02:57]} Nd5 {[%clk 0:02:29]} 25. Nc4 {[%clk 0:03:00]} f4
{[%clk 0:01:51]} 26. Qb3 {[%clk 0:02:34]} Rf7 {[%clk 0:01:15]} 27. Nxb6
{[%clk 0:01:58]} Nxb6 {[%clk 0:01:10]} 28. Qxb6 {[%clk 0:02:03]} Qd5+
{[%clk 0:01:19]} 29. Kg1 {[%clk 0:01:59]} Rxe2 {[%clk 0:01:18]} 30. a5
{[%clk 0:01:58]} Qf5 {[%clk 0:00:44]} 31. a6 {[%clk 0:01:33]} fxg3
{[%clk 0:00:16]} 32. Qb8+ {[%clk 0:01:05]} Kh7 {[%clk 0:00:25]} 33. Qxg3
{[%clk 0:01:13]} Re3 34. Qg2 1-0

[Event "Rapid 2018"]
[Site "Saint-Petersburg"]
[Date "2018.12.28"]
[Round "15"]
[Board "39"]
[White "Bindrich Falko (GER)"]
[Black "Dreev Aleksey (RUS)"]
[Result "0-1"]
[LiveChessVersion "1.4.8"]
[BlackElo "2671"]
[WhiteElo "2584"]

1. d4 {[%clk 0:15:17]} d5 {[%clk 0:15:20]} 2. c4 {[%clk 0:15:26]} c6
{[%clk 0:15:29]} 3. Nf3 {[%clk 0:15:34]} Nf6 {[%clk 0:15:38]} 4. e3
{[%clk 0:15:43]} Bf5 {[%clk 0:15:45]} 5. Nc3 {[%clk 0:15:52]} a6 {[%clk 0:15:54]}
6. Be2 {[%clk 0:15:59]} h6 {[%clk 0:15:50]} 7. Bd3 {[%clk 0:16:07]} Bxd3
{[%clk 0:15:58]} 8. Qxd3 {[%clk 0:16:16]} e6 {[%clk 0:16:06]} 9. O-O
{[%clk 0:16:23]} Bb4 {[%clk 0:15:55]} 10. Bd2 {[%clk 0:16:32]} O-O
{[%clk 0:15:42]} 11. Rfd1 {[%clk 0:16:40]} Ba5 {[%clk 0:15:33]} 12. Rab1
{[%clk 0:16:38]} Nbd7 {[%clk 0:15:27]} 13. b4 {[%clk 0:16:46]} Bc7
{[%clk 0:15:36]} 14. e4 {[%clk 0:15:52]} Nb6 {[%clk 0:15:40]} 15. c5
{[%clk 0:15:38]} Nc4 {[%clk 0:12:52]} 16. Be1 {[%clk 0:15:33]} Nh5
{[%clk 0:11:53]} 17. g3 {[%clk 0:15:28]} Qf6 {[%clk 0:10:25]} 18. Nd2
{[%clk 0:14:53]} Nxd2 {[%clk 0:10:12]} 19. Bxd2 {[%clk 0:15:00]} Qg6
{[%clk 0:09:49]} 20. Qf3 {[%clk 0:14:14]} dxe4 {[%clk 0:09:17]} 21. Nxe4
{[%clk 0:13:58]} f5 {[%clk 0:09:21]} 22. Nc3 {[%clk 0:13:02]} f4 {[%clk 0:09:19]}
23. Qe4 {[%clk 0:13:09]} Rf5 {[%clk 0:09:01]} 24. Re1 {[%clk 0:12:57]} Re8
{[%clk 0:08:44]} 25. Ne2 {[%clk 0:11:18]} f3 {[%clk 0:07:32]} 26. Rb3
{[%clk 0:07:36]} Nf6 {[%clk 0:06:38]} 27. Qd3 {[%clk 0:07:32]} fxe2 28. Qxe2
{[%clk 0:07:40]} e5 {[%clk 0:06:13]} 29. Re3 {[%clk 0:07:45]} Ng4
{[%clk 0:06:04]} 30. Re4 {[%clk 0:07:02]} Nxf2 {[%clk 0:05:58]} 31. Rh4
{[%clk 0:07:08]} e4 {[%clk 0:05:43]} 32. Be3 {[%clk 0:06:54]} Bxg3
{[%clk 0:05:38]} 0-1

[Event "Rapid 2018"]
[Site "Saint-Petersburg"]
[Date "2018.12.28"]
[Round "15"]
[Board "40"]
[White "Jumabayev Rinat (KAZ)"]
[Black "Timofeev Artyom (RUS)"]
[Result "1/2-1/2"]
[LiveChessVersion "1.4.8"]
[BlackElo "2668"]
[WhiteElo "2593"]

1. Nf3 {[%clk 0:15:18]} d5 {[%clk 0:15:16]} 2. g3 {[%clk 0:15:27]} Nf6
{[%clk 0:15:12]} 3. Bg2 {[%clk 0:15:32]} g6 {[%clk 0:15:20]} 4. c4
{[%clk 0:15:37]} c6 {[%clk 0:15:21]} 5. d4 {[%clk 0:15:42]} Bg7 {[%clk 0:15:22]}
6. O-O {[%clk 0:15:49]} dxc4 {[%clk 0:15:25]} 7. a4 {[%clk 0:15:46]} O-O
{[%clk 0:14:59]} 8. Na3 {[%clk 0:15:55]} Be6 {[%clk 0:14:59]} 9. Ng5
{[%clk 0:16:01]} Bd5 {[%clk 0:14:45]} 10. e4 {[%clk 0:16:00]} h6 {[%clk 0:14:53]}
11. exd5 {[%clk 0:16:08]} hxg5 {[%clk 0:15:01]} 12. dxc6 {[%clk 0:16:16]} Nxc6
{[%clk 0:15:10]} 13. d5 {[%clk 0:16:23]} Na5 {[%clk 0:13:35]} 14. Bxg5
{[%clk 0:16:30]} Qb6 {[%clk 0:13:37]} 15. Qe2 {[%clk 0:12:48]} Rac8
{[%clk 0:13:45]} 16. Nb5 {[%clk 0:11:19]} a6 {[%clk 0:13:38]} 17. Nc3
{[%clk 0:11:26]} Qb4 {[%clk 0:13:25]} 18. Rfe1 {[%clk 0:11:03]} Rfe8
{[%clk 0:13:33]} 19. Rad1 {[%clk 0:11:11]} b5 {[%clk 0:12:52]} 20. axb5
{[%clk 0:11:05]} axb5 {[%clk 0:13:01]} 21. h4 {[%clk 0:11:03]} Nb7
{[%clk 0:13:01]} 22. h5 {[%clk 0:10:32]} gxh5 {[%clk 0:12:58]} 23. Ne4
{[%clk 0:09:49]} Nd6 {[%clk 0:12:53]} 24. Bxf6 {[%clk 0:09:22]} exf6
{[%clk 0:12:08]} 25. Qxh5 {[%clk 0:09:05]} f5 {[%clk 0:09:49]} 26. Nxd6
{[%clk 0:09:00]} Qxd6 {[%clk 0:09:57]} 27. Bh3 {[%clk 0:07:46]} Rxe1+
{[%clk 0:09:17]} 28. Rxe1 {[%clk 0:07:55]} Qxd5 {[%clk 0:09:24]} 29. Bxf5
{[%clk 0:08:03]} Kf8 {[%clk 0:08:51]} 30. Rd1 {[%clk 0:07:48]} Qe5
{[%clk 0:08:27]} 31. Rd7 {[%clk 0:04:40]} Qe1+ {[%clk 0:08:34]} 32. Kg2
{[%clk 0:04:27]} Qe8 {[%clk 0:08:42]} 33. Qd1 {[%clk 0:02:43]} Bf6
{[%clk 0:06:12]} 34. Qd5 {[%clk 0:02:42]} Rd8 {[%clk 0:05:58]} 35. Qxb5
{[%clk 0:01:06]} Rxd7 {[%clk 0:05:59]} 36. Bxd7 {[%clk 0:01:00]} Qe4+
{[%clk 0:06:05]} 37. Kh2 {[%clk 0:01:07]} Qc2 {[%clk 0:05:56]} 38. Qc5+
{[%clk 0:00:50]} Kg7 {[%clk 0:06:04]} 39. Bb5 {[%clk 0:00:45]} Qh7+
{[%clk 0:05:40]} 40. Kg2 {[%clk 0:00:54]} Qe4+ {[%clk 0:05:49]} 41. Kh2
{[%clk 0:00:59]} 1/2-1/2

[Event "Rapid 2018"]
[Site "Saint-Petersburg"]
[Date "2018.12.28"]
[Round "15"]
[Board "41"]
[White "Moiseenko Vadim (RUS)"]
[Black "Jones Gawain C B (ENG)"]
[Result "0-1"]
[LiveChessVersion "1.4.8"]
[BlackElo "2655"]
[WhiteElo "2583"]

1. e4 {[%clk 0:15:18]} c5 {[%clk 0:15:19]} 2. Nf3 {[%clk 0:15:27]} d6
{[%clk 0:15:28]} 3. d4 {[%clk 0:15:36]} cxd4 {[%clk 0:15:36]} 4. Nxd4
{[%clk 0:15:43]} Nf6 {[%clk 0:15:45]} 5. Nc3 {[%clk 0:15:35]} g6 {[%clk 0:15:53]}
6. Be3 {[%clk 0:15:39]} Bg7 {[%clk 0:16:02]} 7. f3 {[%clk 0:15:43]} Nc6
{[%clk 0:16:10]} 8. Qd2 {[%clk 0:15:51]} O-O {[%clk 0:16:18]} 9. O-O-O
{[%clk 0:15:57]} d5 {[%clk 0:16:27]} 10. Qe1 {[%clk 0:16:02]} e5 {[%clk 0:16:36]}
11. Nxc6 {[%clk 0:16:10]} bxc6 {[%clk 0:16:44]} 12. exd5 {[%clk 0:16:18]} Nxd5
{[%clk 0:16:52]} 13. Bc5 {[%clk 0:15:45]} Bh6+ {[%clk 0:16:36]} 14. Kb1
{[%clk 0:15:54]} Nxc3+ {[%clk 0:16:38]} 15. bxc3 {[%clk 0:16:03]} Rb8+
{[%clk 0:15:49]} 16. Ka1 {[%clk 0:16:12]} Qa5 {[%clk 0:15:27]} 17. Bb4
{[%clk 0:15:07]} Qb6 {[%clk 0:14:29]} 18. Rb1 {[%clk 0:12:17]} Rd8
{[%clk 0:14:28]} 19. Bc4 {[%clk 0:11:59]} Bf5 {[%clk 0:14:01]} 20. Qh4
{[%clk 0:11:24]} c5 {[%clk 0:12:09]} 21. Ba3 {[%clk 0:05:48]} Qa5
{[%clk 0:12:11]} 22. Rxb8 {[%clk 0:05:37]} Rxb8 {[%clk 0:12:12]} 23. Bb2
{[%clk 0:05:46]} Rxb2 {[%clk 0:11:10]} 24. Kxb2 {[%clk 0:04:50]} Bd2
{[%clk 0:11:17]} 25. Bb3 {[%clk 0:01:53]} Qxc3+ {[%clk 0:10:08]} 26. Ka3
{[%clk 0:02:02]} Be6 {[%clk 0:09:16]} 27. Rd1 {[%clk 0:01:28]} g5
{[%clk 0:08:02]} 28. Qe4 {[%clk 0:00:40]} c4 {[%clk 0:07:50]} 29. Rxd2
{[%clk 0:00:40]} cxb3 {[%clk 0:05:20]} 30. Rd3 {[%clk 0:00:20]} bxa2+
{[%clk 0:04:42]} 31. Rxc3 {[%clk 0:00:26]} a1=Q+ {[%clk 0:04:48]} 32. Kb4
{[%clk 0:00:35]} a5+ {[%clk 0:04:55]} 0-1

[Event "Rapid 2018"]
[Site "Saint-Petersburg"]
[Date "2018.12.28"]
[Round "15"]
[Board "42"]
[White "Potkin Vladimir (RUS)"]
[Black "Steinberg Nitzan (ISR)"]
[Result "1-0"]
[LiveChessVersion "1.4.8"]
[BlackElo "2400"]
[WhiteElo "2635"]

1. Nf3 {[%clk 0:15:17]} d5 {[%clk 0:15:16]} 2. e3 {[%clk 0:15:25]} c5
{[%clk 0:14:57]} 3. b3 {[%clk 0:15:18]} Nf6 {[%clk 0:14:05]} 4. Bb2
{[%clk 0:15:25]} Nc6 {[%clk 0:13:29]} 5. Bb5 {[%clk 0:15:27]} Bg4
{[%clk 0:13:37]} 6. h3 {[%clk 0:15:28]} Bxf3 {[%clk 0:13:46]} 7. Bxc6+
{[%clk 0:14:44]} bxc6 {[%clk 0:13:54]} 8. Qxf3 {[%clk 0:14:52]} e6
{[%clk 0:13:34]} 9. d3 {[%clk 0:14:34]} Be7 {[%clk 0:13:24]} 10. Nd2
{[%clk 0:14:36]} O-O {[%clk 0:13:32]} 11. O-O {[%clk 0:13:58]} Nd7
{[%clk 0:13:40]} 12. e4 {[%clk 0:13:03]} f5 {[%clk 0:12:43]} 13. exf5
{[%clk 0:12:31]} exf5 {[%clk 0:12:52]} 14. Rae1 {[%clk 0:11:47]} Bf6
{[%clk 0:12:53]} 15. Bxf6 {[%clk 0:11:32]} Qxf6 {[%clk 0:12:58]} 16. Qf4
{[%clk 0:11:40]} g5 {[%clk 0:10:29]} 17. Qc7 {[%clk 0:11:29]} Rf7
{[%clk 0:10:37]} 18. Nf3 {[%clk 0:11:36]} g4 {[%clk 0:09:15]} 19. hxg4
{[%clk 0:11:09]} fxg4 {[%clk 0:09:24]} 20. Qg3 {[%clk 0:07:45]} Raf8
{[%clk 0:05:18]} 21. Ne5 Nxe5 {[%clk 0:05:27]} 22. Rxe5 {[%clk 0:06:55]} Qf4
{[%clk 0:04:14]} 23. Qxf4 Rxf4 {[%clk 0:04:23]} 24. Rg5+ {[%clk 0:06:59]} Kh8
{[%clk 0:04:32]} 25. g3 {[%clk 0:07:05]} h6 {[%clk 0:04:41]} 26. gxf4
{[%clk 0:05:37]} hxg5 {[%clk 0:04:50]} 27. fxg5 {[%clk 0:05:46]} Kg7
{[%clk 0:02:55]} 28. Re1 {[%clk 0:05:53]} c4 {[%clk 0:02:57]} 29. dxc4
{[%clk 0:03:38]} dxc4 {[%clk 0:03:06]} 30. Re4 {[%clk 0:02:55]} g3
{[%clk 0:03:15]} 31. f4 {[%clk 0:02:53]} cxb3 {[%clk 0:02:07]} 32. axb3
{[%clk 0:03:01]} Rd8 {[%clk 0:02:00]} 33. Kg2 {[%clk 0:03:05]} Rd2+
{[%clk 0:02:03]} 34. Kxg3 {[%clk 0:03:13]} Rxc2 {[%clk 0:02:12]} 35. Kg4
{[%clk 0:03:16]} a5 {[%clk 0:02:07]} 36. Re7+ {[%clk 0:03:10]} Kf8
{[%clk 0:02:14]} 37. Ra7 {[%clk 0:03:18]} Rb2 {[%clk 0:01:39]} 38. f5
{[%clk 0:03:06]} Rxb3 {[%clk 0:01:46]} 39. g6 {[%clk 0:03:14]} 1-0

[Event "Rapid 2018"]
[Site "Saint-Petersburg"]
[Date "2018.12.28"]
[Round "15"]
[Board "43"]
[White "Yuffa Daniil (RUS)"]
[Black "Adly Ahmed (EGY)"]
[Result "0-1"]
[LiveChessVersion "1.4.8"]
[BlackElo "2630"]
[WhiteElo "2573"]

1. d4 {[%clk 0:15:18]} d5 {[%clk 0:15:08]} 2. c4 {[%clk 0:15:26]} c6
{[%clk 0:15:18]} 3. Nc3 {[%clk 0:15:35]} Nf6 {[%clk 0:15:26]} 4. Nf3
{[%clk 0:15:43]} e6 {[%clk 0:15:31]} 5. Bg5 {[%clk 0:15:51]} Nbd7
{[%clk 0:15:40]} 6. e3 {[%clk 0:16:00]} Qa5 {[%clk 0:15:48]} 7. Nd2
{[%clk 0:16:03]} Bb4 {[%clk 0:15:56]} 8. Qc2 {[%clk 0:15:07]} Ne4
{[%clk 0:16:05]} 9. Ndxe4 {[%clk 0:14:57]} dxe4 {[%clk 0:16:04]} 10. Bf4
{[%clk 0:14:22]} e5 {[%clk 0:16:13]} 11. Bg3 {[%clk 0:13:19]} O-O
{[%clk 0:16:14]} 12. a3 {[%clk 0:13:00]} exd4 {[%clk 0:15:38]} 13. exd4
{[%clk 0:13:04]} f5 {[%clk 0:15:41]} 14. Bf4 {[%clk 0:12:30]} Nb6
{[%clk 0:15:33]} 15. Rc1 {[%clk 0:11:08]} Bxc3+ {[%clk 0:15:12]} 16. Qxc3
{[%clk 0:11:11]} Qxc3+ {[%clk 0:15:19]} 17. Rxc3 {[%clk 0:11:18]} Be6
{[%clk 0:15:27]} 18. Kd2 {[%clk 0:09:33]} Rad8 {[%clk 0:14:45]} 19. Ke3
{[%clk 0:09:41]} c5 {[%clk 0:13:58]} 20. d5 {[%clk 0:07:51]} Bxd5
{[%clk 0:13:53]} 21. Bc7 {[%clk 0:08:00]} Bc6 {[%clk 0:13:20]} 22. Bxd8
{[%clk 0:08:04]} f4+ {[%clk 0:13:25]} 23. Kd2 {[%clk 0:07:19]} Rxd8+
{[%clk 0:13:02]} 24. Kc1 {[%clk 0:07:28]} Nd7 {[%clk 0:12:29]} 25. Be2
{[%clk 0:07:16]} a5 {[%clk 0:12:08]} 26. Rd1 {[%clk 0:07:12]} Re8
{[%clk 0:12:17]} 27. g3 {[%clk 0:05:36]} e3 {[%clk 0:10:03]} 28. fxe3
{[%clk 0:05:33]} fxg3 29. hxg3 {[%clk 0:05:29]} Ne5 {[%clk 0:10:09]} 30. b3
{[%clk 0:05:08]} Be4 {[%clk 0:09:49]} 31. Kd2 {[%clk 0:04:46]} Re6
{[%clk 0:09:43]} 32. Rf1 {[%clk 0:04:37]} g5 {[%clk 0:09:28]} 33. Ke1
{[%clk 0:03:56]} Rh6 {[%clk 0:09:16]} 34. Rc1 {[%clk 0:03:15]} Rb6
{[%clk 0:08:06]} 35. Rd1 {[%clk 0:02:21]} Rxb3 {[%clk 0:08:07]} 36. Rf6
{[%clk 0:02:02]} Rxe3 {[%clk 0:06:44]} 37. Kf2 {[%clk 0:01:34]} Rxa3
{[%clk 0:06:53]} 38. Rdd6 {[%clk 0:00:58]} Bg6 {[%clk 0:06:10]} 39. Rfe6
{[%clk 0:00:50]} Nc6 {[%clk 0:06:07]} 40. Rd7 {[%clk 0:00:41]} Rb3
{[%clk 0:05:43]} 41. Rc7 {[%clk 0:00:26]} Rb2 {[%clk 0:05:40]} 42. Rd6
{[%clk 0:00:17]} Bh5 {[%clk 0:05:30]} 43. Rc8+ {[%clk 0:00:22]} Kf7
{[%clk 0:05:37]} 44. Rc7+ {[%clk 0:00:30]} Ke8 {[%clk 0:05:42]} 45. Re6+
{[%clk 0:00:36]} Kd8 {[%clk 0:05:49]} 46. Rxh7 {[%clk 0:00:42]} Bg4
{[%clk 0:05:49]} 47. Re4 {[%clk 0:00:36]} Bf5 {[%clk 0:05:00]} 48. Rh8+
{[%clk 0:00:45]} Kc7 {[%clk 0:05:04]} 49. Ree8 {[%clk 0:00:52]} Nd4
{[%clk 0:05:04]} 50. Ke1 {[%clk 0:00:36]} a4 {[%clk 0:05:13]} 51. Bd1
{[%clk 0:00:21]} a3 {[%clk 0:05:18]} 52. Ra8 {[%clk 0:00:15]} a2 {[%clk 0:05:19]}
53. Rhf8 {[%clk 0:00:17]} Bc2 {[%clk 0:04:57]} 54. Rf7+ {[%clk 0:00:17]} Kd6
{[%clk 0:04:38]} 55. Rf6+ {[%clk 0:00:27]} Ke5 {[%clk 0:04:33]} 56. Rf2
{[%clk 0:00:21]} Rb1 {[%clk 0:04:34]} 0-1